Traditional political institutions : comparative study of Khasi syiemship and Mizo Chiefship (Record no. 86535)

MARC details
000 -LEADER
fixed length control field 00434nam a2200133 4500
082 ## - DEWEY DECIMAL CLASSIFICATION NUMBER
Classification number 320.954164
Item number RYM
100 ## - MAIN ENTRY--PERSONAL NAME
Personal name Rymbai, Iaribhalang
245 ## - TITLE STATEMENT
Title Traditional political institutions : comparative study of Khasi syiemship and Mizo Chiefship
250 ## - EDITION STATEMENT
Edition statement NEHU
260 ## - PUBLICATION, DISTRIBUTION, ETC. (IMPRINT)
Place of publication, distribution, etc Shillong
Name of publisher, distributor, etc Department of Political Science, NEHU
Date of publication, distribution, etc 2010
300 ## - PHYSICAL DESCRIPTION
Extent v,122p.: 28cm.
Accompanying material Abstract
502 ## - DISSERTATION NOTE
Degree type M.Phil
700 ## - ADDED ENTRY--PERSONAL NAME
Personal name Srikanth, H., Supervisor/Guide
Holdings
Withdrawn status Lost status Source of classification or shelving scheme Damaged status Not for loan Collection code Home library Current library Shelving location Date acquired Total Checkouts Full call number Barcode Date last seen Koha item type
    Dewey Decimal Classification     THESIS & DISSERTATION North Eastern Hill University North Eastern Hill University Dissertation & Thesis 25/11/2011   320.954164 RYM 104010 25/11/2011 Thesis